<?xml version="1.0" encoding="UTF-8"?>
<record
    xmlns:xsi="http://www.w3.org/2001/XMLSchema-instance"
    xsi:schemaLocation="http://www.loc.gov/MARC21/slim http://www.loc.gov/standards/marcxml/schema/MARC21slim.xsd"
    xmlns="http://www.loc.gov/MARC21/slim">

  <leader>02697cam a2200769   4500</leader>
  <datafield tag="999" ind1=" " ind2=" ">
    <subfield code="c">23580</subfield>
    <subfield code="d">23580</subfield>
  </datafield>
  <controlfield tag="001">vtls012081601</controlfield>
  <controlfield tag="005">20240710074815.0</controlfield>
  <controlfield tag="008">211222s2021    xo ho  g hn   011 0bslo  </controlfield>
  <datafield tag="020" ind1=" " ind2=" ">
    <subfield code="a">9788055174297</subfield>
    <subfield code="q">(viazan&#xE9;)</subfield>
  </datafield>
  <datafield tag="040" ind1=" " ind2=" ">
    <subfield code="a">GAGK</subfield>
    <subfield code="b">slo</subfield>
    <subfield code="c">GAGK</subfield>
    <subfield code="d">SNK</subfield>
    <subfield code="e">rda</subfield>
  </datafield>
  <datafield tag="041" ind1="1" ind2=" ">
    <subfield code="a">slo</subfield>
    <subfield code="h">eng</subfield>
  </datafield>
  <datafield tag="044" ind1=" " ind2=" ">
    <subfield code="a">xo</subfield>
    <subfield code="c">SK</subfield>
  </datafield>
  <datafield tag="072" ind1=" " ind2="7">
    <subfield code="a">343</subfield>
    <subfield code="x">Trestn&#xE9; pr&#xE1;vo</subfield>
    <subfield code="2">konspekt</subfield>
  </datafield>
  <datafield tag="072" ind1=" " ind2="7">
    <subfield code="a">929</subfield>
    <subfield code="x">Biografie</subfield>
    <subfield code="2">konspekt</subfield>
  </datafield>
  <datafield tag="080" ind1=" " ind2=" ">
    <subfield code="a">616-051</subfield>
    <subfield code="2">2011</subfield>
  </datafield>
  <datafield tag="080" ind1=" " ind2=" ">
    <subfield code="a">329.17-051</subfield>
    <subfield code="2">2011</subfield>
  </datafield>
  <datafield tag="080" ind1=" " ind2=" ">
    <subfield code="a">341.322.5-051</subfield>
    <subfield code="2">2011</subfield>
  </datafield>
  <datafield tag="080" ind1=" " ind2=" ">
    <subfield code="a">616-092.4/.9</subfield>
    <subfield code="2">2011</subfield>
  </datafield>
  <datafield tag="080" ind1=" " ind2=" ">
    <subfield code="a">323.28:329.17</subfield>
    <subfield code="2">2011</subfield>
  </datafield>
  <datafield tag="080" ind1=" " ind2=" ">
    <subfield code="a">343.412</subfield>
    <subfield code="2">2011</subfield>
  </datafield>
  <datafield tag="080" ind1=" " ind2=" ">
    <subfield code="a">341.49:341.322.5</subfield>
    <subfield code="2">2011</subfield>
  </datafield>
  <datafield tag="080" ind1=" " ind2=" ">
    <subfield code="a">(430)</subfield>
    <subfield code="2">2011</subfield>
  </datafield>
  <datafield tag="080" ind1=" " ind2=" ">
    <subfield code="a">(8)</subfield>
    <subfield code="2">2011</subfield>
  </datafield>
  <datafield tag="080" ind1=" " ind2=" ">
    <subfield code="a">(092)</subfield>
    <subfield code="2">2011</subfield>
  </datafield>
  <datafield tag="080" ind1=" " ind2=" ">
    <subfield code="a">929</subfield>
    <subfield code="2">2011</subfield>
  </datafield>
  <datafield tag="100" ind1="1" ind2=" ">
    <subfield code="a">Marwell, David G.,</subfield>
    <subfield code="d">1951-</subfield>
    <subfield code="4">aut</subfield>
    <subfield code="9">3918</subfield>
  </datafield>
  <datafield tag="240" ind1="1" ind2="0">
    <subfield code="a">Mengele Unmasking the "Angel of Death"</subfield>
    <subfield code="l">Slovensky</subfield>
  </datafield>
  <datafield tag="245" ind1="1" ind2="0">
    <subfield code="a">Mengele</subfield>
    <subfield code="b">prav&#xE1; tv&#xE1;r Anjela smrti</subfield>
    <subfield code="c">David G. Marwell ; prelo&#x17E;ila Eva Budja&#x10D;ov&#xE1;</subfield>
  </datafield>
  <datafield tag="264" ind1=" " ind2="1">
    <subfield code="a">Bratislava</subfield>
    <subfield code="b">Ikar</subfield>
    <subfield code="c">2021</subfield>
  </datafield>
  <datafield tag="300" ind1=" " ind2=" ">
    <subfield code="a">406 str&#xE1;n, 8 ne&#x10D;&#xED;slovan&#xFD;ch str&#xE1;n fotografick&#xFD;ch pr&#xED;loh</subfield>
    <subfield code="b">faksimile, fotografie</subfield>
    <subfield code="c">24 cm</subfield>
  </datafield>
  <datafield tag="336" ind1=" " ind2=" ">
    <subfield code="a">text</subfield>
    <subfield code="b">txt</subfield>
    <subfield code="2">rdacontent</subfield>
  </datafield>
  <datafield tag="337" ind1=" " ind2=" ">
    <subfield code="a">bez m&#xE9;dia</subfield>
    <subfield code="b">n</subfield>
    <subfield code="2">rdamedia</subfield>
  </datafield>
  <datafield tag="338" ind1=" " ind2=" ">
    <subfield code="a">zv&#xE4;zok</subfield>
    <subfield code="b">nc</subfield>
    <subfield code="2">rdacarrier</subfield>
  </datafield>
  <datafield tag="500" ind1=" " ind2=" ">
    <subfield code="a">Prelo&#x17E;en&#xE9; z angli&#x10D;tiny</subfield>
  </datafield>
  <datafield tag="500" ind1=" " ind2=" ">
    <subfield code="a">Obsahuje stru&#x10D;n&#xE9; profesijn&#xE9; &#xFA;daje o autorovi</subfield>
  </datafield>
  <datafield tag="500" ind1=" " ind2=" ">
    <subfield code="a">Obsahuje pozn&#xE1;mky pod &#x10D;iarou</subfield>
  </datafield>
  <datafield tag="600" ind1="1" ind2="7">
    <subfield code="a">Mengele, Josef,</subfield>
    <subfield code="d">1911-1979</subfield>
    <subfield code="2">SNKMA</subfield>
    <subfield code="9">2162</subfield>
  </datafield>
  <datafield tag="610" ind1="2" ind2="7">
    <subfield code="a">Osvien&#x10D;im (koncentra&#x10D;n&#xFD; t&#xE1;bor)</subfield>
    <subfield code="2">SNKKA</subfield>
    <subfield code="9">2168</subfield>
  </datafield>
  <datafield tag="648" ind1=" " ind2="7">
    <subfield code="a">20. storo&#x10D;ie</subfield>
    <subfield code="2">SNKPH</subfield>
    <subfield code="9">2073</subfield>
  </datafield>
  <datafield tag="648" ind1=" " ind2="7">
    <subfield code="a">20th century</subfield>
    <subfield code="2">SNKPHeng</subfield>
    <subfield code="9">2074</subfield>
  </datafield>
  <datafield tag="650" ind1="0" ind2="7">
    <subfield code="a">lek&#xE1;ri</subfield>
    <subfield code="2">SNKPH</subfield>
    <subfield code="9">3919</subfield>
  </datafield>
  <datafield tag="650" ind1="0" ind2="7">
    <subfield code="a">nacisti</subfield>
    <subfield code="2">SNKPH</subfield>
    <subfield code="9">3354</subfield>
  </datafield>
  <datafield tag="650" ind1="0" ind2="7">
    <subfield code="a">vojnov&#xED; zlo&#x10D;inci</subfield>
    <subfield code="2">SNKPH</subfield>
    <subfield code="9">3920</subfield>
  </datafield>
  <datafield tag="650" ind1="0" ind2="7">
    <subfield code="a">pokusy na &#x13E;u&#x10F;och</subfield>
    <subfield code="2">SNKPH</subfield>
    <subfield code="9">3921</subfield>
  </datafield>
  <datafield tag="650" ind1="0" ind2="7">
    <subfield code="a">nacistick&#xE9; zlo&#x10D;iny</subfield>
    <subfield code="2">SNKPH</subfield>
    <subfield code="9">2558</subfield>
  </datafield>
  <datafield tag="650" ind1="0" ind2="7">
    <subfield code="a">zlo&#x10D;iny proti &#x13E;udskosti</subfield>
    <subfield code="2">SNKPH</subfield>
    <subfield code="9">3922</subfield>
  </datafield>
  <datafield tag="650" ind1="0" ind2="7">
    <subfield code="a">st&#xED;hanie vojnov&#xFD;ch zlo&#x10D;inov</subfield>
    <subfield code="2">SNKPH</subfield>
    <subfield code="9">3923</subfield>
  </datafield>
  <datafield tag="650" ind1="0" ind2="7">
    <subfield code="a">Physicians</subfield>
    <subfield code="2">SNKPHeng</subfield>
    <subfield code="9">3924</subfield>
  </datafield>
  <datafield tag="650" ind1="0" ind2="7">
    <subfield code="a">Nazis</subfield>
    <subfield code="2">SNKPHeng</subfield>
    <subfield code="9">3356</subfield>
  </datafield>
  <datafield tag="650" ind1="0" ind2="7">
    <subfield code="a">War criminals</subfield>
    <subfield code="2">SNKPHeng</subfield>
    <subfield code="9">3925</subfield>
  </datafield>
  <datafield tag="650" ind1="0" ind2="7">
    <subfield code="a">Human experimentation in medicine</subfield>
    <subfield code="2">SNKPHeng</subfield>
    <subfield code="9">3926</subfield>
  </datafield>
  <datafield tag="650" ind1="0" ind2="7">
    <subfield code="a">Crimes of nazism</subfield>
    <subfield code="2">SNKPHeng</subfield>
    <subfield code="9">2559</subfield>
  </datafield>
  <datafield tag="650" ind1="0" ind2="7">
    <subfield code="a">Crimes against humanity</subfield>
    <subfield code="2">SNKPHeng</subfield>
    <subfield code="9">3927</subfield>
  </datafield>
  <datafield tag="650" ind1="0" ind2="7">
    <subfield code="a">War crimes prosecution</subfield>
    <subfield code="2">SNKPHeng</subfield>
    <subfield code="9">3928</subfield>
  </datafield>
  <datafield tag="651" ind1=" " ind2="7">
    <subfield code="a">Po&#x13E;sko</subfield>
    <subfield code="2">SNKPHgeo</subfield>
    <subfield code="9">1754</subfield>
  </datafield>
  <datafield tag="651" ind1=" " ind2="7">
    <subfield code="a">Nemecko</subfield>
    <subfield code="2">SNKPHgeo</subfield>
    <subfield code="9">3575</subfield>
  </datafield>
  <datafield tag="651" ind1=" " ind2="7">
    <subfield code="a">Ju&#x17E;n&#xE1; Amerika</subfield>
    <subfield code="2">SNKPHgeo</subfield>
    <subfield code="9">3929</subfield>
  </datafield>
  <datafield tag="651" ind1=" " ind2="7">
    <subfield code="a">Poland</subfield>
    <subfield code="2">SNKPHeng</subfield>
    <subfield code="9">1755</subfield>
  </datafield>
  <datafield tag="651" ind1=" " ind2="7">
    <subfield code="a">Germany</subfield>
    <subfield code="2">SNKPHeng</subfield>
    <subfield code="9">3576</subfield>
  </datafield>
  <datafield tag="651" ind1=" " ind2="7">
    <subfield code="a">South America</subfield>
    <subfield code="2">SNKPHeng</subfield>
    <subfield code="9">3930</subfield>
  </datafield>
  <datafield tag="655" ind1=" " ind2="7">
    <subfield code="a">biografie</subfield>
    <subfield code="2">SNKPH</subfield>
    <subfield code="9">1756</subfield>
  </datafield>
  <datafield tag="655" ind1=" " ind2="7">
    <subfield code="a">Biography</subfield>
    <subfield code="2">SNKPHeng</subfield>
    <subfield code="9">1759</subfield>
  </datafield>
  <datafield tag="700" ind1="1" ind2=" ">
    <subfield code="a">Budja&#x10D;ov&#xE1;, Eva</subfield>
    <subfield code="4">trl</subfield>
    <subfield code="9">3712</subfield>
  </datafield>
  <datafield tag="958" ind1=" " ind2=" ">
    <subfield code="a">NB</subfield>
  </datafield>
  <datafield tag="958" ind1=" " ind2=" ">
    <subfield code="a">OP</subfield>
  </datafield>
  <datafield tag="958" ind1=" " ind2=" ">
    <subfield code="a">BC</subfield>
  </datafield>
  <datafield tag="952" ind1=" " ind2=" ">
    <subfield code="0">0</subfield>
    <subfield code="1">0</subfield>
    <subfield code="2">udc</subfield>
    <subfield code="4">0</subfield>
    <subfield code="7">0</subfield>
    <subfield code="8">K</subfield>
    <subfield code="a">10000</subfield>
    <subfield code="b">10000</subfield>
    <subfield code="d">2024-07-10</subfield>
    <subfield code="g">3.90</subfield>
    <subfield code="i">21909</subfield>
    <subfield code="l">1</subfield>
    <subfield code="o">B10650</subfield>
    <subfield code="p">B10650</subfield>
    <subfield code="r">2024-08-28</subfield>
    <subfield code="s">2024-08-21</subfield>
    <subfield code="w">2024-07-10</subfield>
    <subfield code="y">KLDO</subfield>
  </datafield>
</record>
